LEADER 01111nam a2200253 i 4500 001 000000192288 003 CaOOAMICUS 005 20100914000000.0 008 100914s1997 it u000 u ita u 013 $a170861 020 $a88-7910-790-9 040 $aSeMil$bita 245 10$aTre dialoghi attorno al campanile di San Marco :$bVittorio Foa e i veneti /$cA cura di Federico Bozzini ; presentazione di Giorgio Santini. 260 $aRoma :$bEdizioni Lavoro,$ccopyr. 1997. 300 $a102 p. ;$c18 cm. 650 4$aFederalismo - Veneto.$0(OLS)http://semarc/subject/36184 700 1 $aSantini, Giorgio.$0(OLS)http://semarc/name/70112 700 1 $aBozzini, Federico.$0(OLS)http://semarc/name/70111 850 $aSeMil 852 $aSeMil$W1$xVenegono$y1$m3M I 209$j142864$B142864$CSeMilBibl$Z2$F154653 $81 961 $aOmaggio: Altro 996 $6020$a88-7910-790-9$9(OLS)http://semarc/number/183516 996 $6245$aTre dialoghi attorno al campanile di San Marco :$bVittorio Foa e i veneti$9(OLS)http://semarc/title/277107 996 $6260$aRoma :$bEdizioni Lavoro$9(OLS)http://semarc/publisher/31304 LEADER 01188nam a2200265 i 4500 001 000000044874 003 CaOOAMICUS 005 20100415000000.0 008 100415s1993 it u000 u ita u 013 $a16044 020 $a88-01-10323-9 040 $aSeMil$bita 100 1 $aCingolani, Gabriele <1940- >.$0(OLS)http://semarc/name/22342 245 10$aSan Paolo della Croce :$bincendiare il mondo d'amore /$cGabriele Cingolani. 260 $aLeumann (Torino) :$bElle Di Ci,$ccopyr. 1993. 300 $a269 p., [12] p. di tav. ;$c21 cm. 500 $aContiene : Scheda biografica ; Scheda bibliografica. 600 04$aPaolo : della Croce .$0(OLS)http://semarc/subject/4224 650 4$aPassionisti - Storia.$0(OLS)http://semarc/subject/7350 850 $aSeMil 852 $aSeMil$W1$xVenegono$y1$m3H II 325$j11029$B11029$CSeMilBibl$Z2$F11029 $81 961 $aOmaggio: Donazione 996 $6020$a88-01-10323-9$9(OLS)http://semarc/number/16866 996 $6245$aSan Paolo della Croce :$bincendiare il mondo d'amore$9(OLS)http://semarc/title/66561 996 $6260$aLeumann (Torino) :$bElle Di Ci$9(OLS)http://semarc/publisher/29809